000 01167nam a2200253 a 4500
005 20140310183356.0
008 121026s19uu xx 00 eng d
020 _a9780230551756
050 _aPR 461
_b.V534 2012
245 _aVictorian literature :
_ba sourcebook /
_cedited by John Plunkett ... [et al.].
260 _aLondon ; New York :
_bPalgrave Macmillan,
_c2012.
300 _axviii, 306 p. :
_bill. ;
_c24 cm.
500 _aIncludes bibliographical references and index
520 _aThis is an anthology of both familiar and previously unavailable primary texts that illuminate the world of 19th-century ideas. An expert team introduce and annotate a range of original social, cultural, political and historical documents necessary for contextualizing key literary texts from the Victorian period.
650 _aEnglish literature
_x19th century
_xHistory and criticism
650 _aLiterature and society
_xGreat Britain
_xHistory
_x19th century
700 _aVadillo, Ana Parejo
700 _aGagnier, Regenia
700 _aRichardson, Angelique
700 _aRylance, Rick
700 _aYoung, Paul
942 _cBK
_2lcc
_kFOR
999 _c22245
_d22245